Stati tra 500 000 e 1 000 000 di abitanti - Statistics

Statistiche generali
  • Questo quiz è stato fatto 15 volte
  • Il punteggio medio è 7 su 10
Statistiche sulle risposte
Popolazione (ab.) Continente Nazione % Corretto
519 562 Europa Malta
100%
839 468 Oceania Figi
93%
660 809 Europa Lussemburgo
87%
616 500 America del Sud Suriname
87%
743 699 America del Sud Guyana
73%
918 100 Asia Cipro
67%
616 695 Europa Montenegro
67%
734 887 Oceania Isole Salomone
60%
770 276 Asia Bhutan
53%
758 316 Africa Comore
47%
Nessun quiz corrispondente trovato
Distribuzione punteggi
Percentuale di utenti per punteggio
Percentile per numero di risposta
I tuoi punteggi nel tempo
Non hai fatto questo quiz